| 000 | 00365nam a2200145Ia 4500 | ||
|---|---|---|---|
| 008 | 210716s1992 xx 000 0 und d | ||
| 041 | _aeng | ||
| 082 | _a004.68 CURC | ||
| 100 | _aCurrid, Cheryl C;Gillett, Craig A. | ||
| 245 | _aMastering novell netware. | ||
| 250 | _a1 | ||
| 260 |
_aNew Delhi _bBPB Publications _c1992 |
||
| 300 | _axxiv,419 | ||
| 650 | _aNone | ||
| 999 |
_c182096 _d182096 |
||